|
|
|
|
| LEADER |
00000nam a2200000 a 4500 |
| 001 |
vtls001078490 |
| 003 |
SK-MaSNL |
| 005 |
20260301111126.0 |
| 008 |
250414s1995 xo 0 slo |
| 015 |
|
|
|a SNBA1995/04
|
| 020 |
|
|
|a 8022803863
|
| 035 |
|
|
|a SNK000021325
|
| 035 |
|
|
|a urn:nbn:sk:snk-amli12
|
| 035 |
|
|
|a urn:nbn:sk:snk-am00bow5
|
| 035 |
|
|
|a BC8C323B-3509-4C81-8A29-B459FBBE702C
|
| 040 |
|
|
|a SNK
|b slo
|c SNK
|e AACR2
|
| 041 |
0 |
|
|a slo
|
| 044 |
|
|
|a xo
|c SK
|
| 080 |
|
|
|a 630*5(075.8)(076.5)
|2 1981
|
| 100 |
1 |
|
|a Šmelko, Štefan,
|d 1930-2020
|4 aut
|9 237134
|
| 245 |
1 |
0 |
|a Dendrometria
|b Metodická pomôcka pre praktické cvičenia
|c Štefan Šmelko, Ján Ďurský
|
| 250 |
|
|
|a 2. preprac. vyd.
|
| 260 |
|
|
|a Zvolen
|b Technická univerzita
|c 1995
|e Zvolen
|f Edičné stredisko TU
|
| 300 |
|
|
|a 138 s., 9,66 AH, 10,09 VH
|b Grafy, tab.
|c 29 cm
|
| 500 |
|
|
|a Schválil rektor TU vo Zvolene ako skriptá
|
| 655 |
|
7 |
|a učebnice vysokých škôl
|2 SNKPH
|9 70191
|
| 700 |
1 |
|
|a Ďurský, Ján
|4 aut
|9 450081
|
| 852 |
|
|
|a Slovenská národná knižnica
|
| 919 |
|
|
|a 80-228-0386-3
|
| 958 |
0 |
7 |
|a RM
|
| 958 |
0 |
7 |
|a UV
|
| 958 |
|
|
|a OND
|
| 999 |
|
|
|c 705652
|d 707582
|
| 952 |
|
|
|a SNK
|b SNK
|y VYP
|7 0
|p 17A0056639
|o snkSB 53859 D1
|i snkKSP 3678/95
|0 0
|1 0
|4 0
|d 1997-03-19
|l 0
|r 2004-12-31 00:00:00
|w 2026-02-23
|
| 952 |
|
|
|a SNK
|b SNK
|y PREZ
|7 0
|p 17A0906474
|o snkSB 53859
|0 0
|1 0
|4 0
|d 2012-08-02
|f 1
|l 0
|r 2025-03-26 00:00:00
|w 2026-02-23
|